[Event "Titled Tue 28th Jan Late"]
[Site "chess.com INT"]
[Date "2025.01.28"]
[Round "1"]
[White "Baloglu,Dila"]
[Black "Nakamura,Hi"]
[Result "0-1"]
[WhiteElo "1944"]
[BlackElo "2802"]

1.e4 g6 2.d4 c6 3.Nc3 d5 4.f3 Bg7 5.Be3 Nf6 6.Qd2 dxe4 7.fxe4 e5 8.Nf3 Ng4
9.O-O-O Nxe3 10.Qxe3 exd4 11.Nxd4 Qe7 12.Nf3 Nd7 13.Bc4 O-O 14.Rhe1 b5 15.Bb3 a5
16.a4 Nc5 17.axb5 a4 18.Bc4 a3 19.e5 cxb5 20.Bd5 axb2+ 21.Kxb2 Na4+ 22.Nxa4 Rxa4
23.Rd4 Ra6 24.Qb3 Bf5 25.c3 Rb8 26.g4 Bc8 27.Rf4 Be6 28.Bxe6 fxe6 29.Rb4 Rba8
30.Nd4 Bf8 31.Nxb5 Qh4 32.Re2 Bxb4 33.cxb4 Qxg4 34.Nc7 Qxe2+  0-1

[Event "Titled Tue 28th Jan Early"]
[Site "chess.com INT"]
[Date "2025.01.28"]
[Round "2"]
[White "Nakamura,Hi"]
[Black "Spata,G"]
[Result "1-0"]
[WhiteElo "2802"]
[BlackElo "2398"]

1.b3 Nf6 2.Bb2 e6 3.e3 b6 4.Nf3 Bb7 5.g3 Be7 6.Bg2 O-O 7.O-O c5 8.Qe2 d5
9.c4 Nc6 10.Rd1 Qc7 11.d4 cxd4 12.exd4 Rac8 13.Nbd2 dxc4 14.bxc4 Na5 15.Rac1 Ba6
16.Bf1 Rfd8 17.Qe3 Qd7 18.Ne5 Qa4 19.Re1 Bb4 20.Bc3 Bxc3 21.Rxc3 Qxa2 22.Rec1 Qa4
23.Ndf3 h6 24.Bd3 Nc6 25.Ra3 Qxa3 26.Bh7+ Nxh7 27.Qxa3 Bb7 28.Nxc6 Bxc6 29.Ne5 Be8
30.Qxa7 Rxd4 31.Qxb6 Rd2 32.h4 Nf6 33.c5 Rd5 34.f4 Nd7 35.Qb7 Rcxc5 36.Rxc5 Nxc5
37.Qe7 Bb5 38.Qxf7+ Kh7 39.Qg6+ Kg8 40.Qc2 Bd3 41.Qb2 Bf5 42.g4 Rd1+ 43.Kh2 Be4
44.Qb4 Rh1+ 45.Kg3 Rg1+ 46.Kf2 Rg2+ 47.Kf1 Rc2 48.g5 hxg5 49.fxg5 g6 50.Qb8+ Kg7
51.Qc7+ Kg8 52.Qd8+ Kh7 53.Qe7+ Kh8 54.Nxg6+ Bxg6 55.Qf8+ Kh7 56.Qh6+ Kg8
57.Qxg6+ Kf8 58.Qxc2  1-0

[Event "Titled Tue 28th Jan Late"]
[Site "chess.com INT"]
[Date "2025.01.28"]
[Round "2"]
[White "Nakamura,Hi"]
[Black "Dev,Shah"]
[Result "0-1"]
[WhiteElo "2802"]
[BlackElo "2334"]

1.b3 c5 2.Bb2 Nc6 3.Nf3 Nf6 4.e3 e6 5.d4 d5 6.a3 Be7 7.Nbd2 cxd4 8.Nxd4 Nxd4
9.Bxd4 O-O 10.Bd3 b6 11.c4 Bb7 12.O-O Ne4 13.Qg4 g6 14.Rfd1 f5 15.Qf4 Bd6
16.Qh6 e5 17.Bb2 Qg5 18.Qxg5 Nxg5 19.cxd5 Bxd5 20.Bc4 Bf7 21.h4 Ne6 22.Nf3 Rfd8
23.Bxe5 Be7 24.b4 a5 25.Bd5 Ra7 26.Bxe6 Rxd1+ 27.Rxd1 Bxe6 28.Bc3 Rc7 29.Bd4 axb4
30.axb4 b5 31.Ng5 Bb3 32.Bc5 Bxd1 33.Ne6 Rd7 34.h5 Kf7 35.Nd4 Bxc5 36.bxc5 Rc7
37.hxg6+ hxg6 38.Nxb5 Rxc5 39.Nd4 Ba4 40.Kh2 Bd7 41.Kg3 Rc4 42.Nf3 Kf6 43.Nd2 Rb4
44.Nf3 g5 45.Ne1 Rb2 46.Nd3 Rd2 47.Nc5 Bc6 48.f3 Rc2 49.Nb3 Rb2 50.Nd4 Bb5
51.e4 f4+ 52.Kh3 Bf1 53.Nc6 Bxg2+ 54.Kg4 Bh1 55.e5+ Kg6 56.Ne7+ Kf7 57.Nc6 Rb6
58.Nd4 Kg6 59.e6 Kf6 60.e7 Kxe7 61.Kxg5 Rf6 62.Ne2 Bxf3 63.Nxf4 Be4 64.Ne2 Rf5+
65.Kg4 Ra5 66.Kf4 Bc6 67.Nd4 Kd6 68.Nf5+ Kc5 69.Ne7 Ra4+ 70.Ke5 Re4+ 71.Kf6 Bd5
72.Nf5 Rf4 73.Ke5 Re4+ 74.Kf6 Re6+ 75.Kg5 Be4 76.Ne3 Kd4 77.Ng4 Rg6+ 78.Kf4 Rg7
79.Nf6 Rf7 80.Kg5 Ke5 81.Ng4+ Ke6 82.Ne3 Bf3 83.Nc2 Ke5 84.Ne3 Rg7+ 85.Kh6 Rg1
86.Nc4+ Kf6 87.Nd6 Rh1+  0-1

[Event "Titled Tue 28th Jan Early"]
[Site "chess.com INT"]
[Date "2025.01.28"]
[Round "3"]
[White "Shirov,A"]
[Black "Nakamura,Hi"]
[Result "0-1"]
[WhiteElo "2648"]
[BlackElo "2802"]

1.e4 g6 2.d4 c6 3.Nc3 d5 4.e5 e6 5.f4 c5 6.Nf3 Nc6 7.Be3 b6 8.Bb5 Bd7 9.O-O Nh6
10.dxc5 Ng4 11.Bf2 Nxf2 12.Kxf2 Bxc5+ 13.Kg3 O-O 14.Qd2 a6 15.Bxc6 Bxc6 16.Nd4 Bd7
17.h3 f6 18.Kh2 fxe5 19.fxe5 Qh4 20.Nf3 Qf4+ 21.Qxf4 Rxf4 22.Ne2 Re4 23.Ng3 Rf4
24.Ne2 Rb4 25.b3 Bb5 26.Rfe1 Bf2 27.Rf1 Be3 28.Rfe1 Rc8 29.a3 Re4 30.c4 Bc6
31.cxd5 Bxd5 32.Ng3 Bf4 33.Rxe4 Bxe4  0-1

[Event "Titled Tue 28th Jan Late"]
[Site "chess.com INT"]
[Date "2025.01.28"]
[Round "3"]
[White "Cagara,P"]
[Black "Nakamura,Hi"]
[Result "0-1"]
[WhiteElo "2074"]
[BlackElo "2802"]

1.e4 a5 2.d4 c6 3.c4 d6 4.d5 e5 5.Nc3 Be7 6.f4 exf4 7.Bxf4 Nf6 8.Nf3 Bg4
9.Be2 O-O 10.O-O Nbd7 11.dxc6 bxc6 12.Bxd6 Ne8 13.Bf4 Qb6+ 14.Kh1 Qxb2 15.Qc1 Qxc1
16.Raxc1 Bb4 17.h3 Bxf3 18.gxf3 Nc5 19.Rg1 Ne6 20.Be5 g6 21.h4 Bd6 22.Bxd6 Nxd6
23.Bd1 Nxc4 24.Bb3 Ne5 25.Rg3 Nf4 26.Rd1 Rad8 27.Rg5 Nxf3 28.Rxa5 Rxd1+ 29.Bxd1 Nxh4
30.Ba4 Rd8 31.Bxc6 Rd2 32.e5 Rc2 33.Ra3 Nf5 34.Bd7 Ng3+ 35.Kg1 Rg2+  0-1

[Event "Titled Tue 28th Jan Late"]
[Site "chess.com INT"]
[Date "2025.01.28"]
[Round "4"]
[White "Nakamura,Hi"]
[Black "Wael Sabry,Mina"]
[Result "1-0"]
[WhiteElo "2802"]
[BlackElo "2098"]

1.b3 Nf6 2.Bb2 g6 3.Bxf6 exf6 4.g3 Bg7 5.Bg2 O-O 6.e3 d5 7.Ne2 c6 8.d4 f5
9.O-O Be6 10.Nd2 Nd7 11.Nf4 Nf6 12.c4 Ne4 13.Rc1 dxc4 14.Nxe4 fxe4 15.Nxe6 fxe6
16.Rxc4 Qa5 17.Qc2 Rad8 18.Bxe4 e5 19.Rc5 Qb4 20.d5 cxd5 21.Bxd5+ Kh8 22.e4 Qd4
23.Bxb7 Bh6 24.Rd5 Rxd5 25.Bxd5 Bd2 26.Kg2 Kg7 27.Qc4 Qxc4 28.Bxc4 Bb4 29.Rd1 Bc5
30.Rd7+ Kh6 31.f3 Bd4 32.h4 Rc8 33.g4 g5 34.f4 gxf4 35.g5+ Kg6 36.Kh3 Rf8
37.Rd6+ Kg7 38.h5 f3 39.Rd7+ Kh8 40.g6 hxg6 41.hxg6  1-0

[Event "Titled Tue 28th Jan Early"]
[Site "chess.com INT"]
[Date "2025.01.28"]
[Round "4"]
[White "Nakamura,Hi"]
[Black "Bachmann,Ax"]
[Result "1-0"]
[WhiteElo "2802"]
[BlackElo "2571"]

1.b3 d5 2.Bb2 Bf5 3.d3 Nf6 4.Nd2 e6 5.g3 h6 6.Bg2 Bh7 7.e4 c5 8.Nh3 Nc6 9.O-O dxe4
10.dxe4 Be7 11.f4 O-O 12.c4 Qa5 13.Qc1 Rfd8 14.Bc3 Qb6 15.e5 Ng4 16.Re1 Nb4
17.Be4 Bf5 18.Re2 Rd7 19.a3 Nd3 20.Qc2 Rad8 21.Rf1 Nb4 22.Qb1 Nd3 23.Kg2 h5
24.Ng1 Bxe4+ 25.Nxe4 Qc6 26.Nf3 b5 27.Qc2 bxc4 28.bxc4 Nh6 29.Be1 Nf5 30.Bf2 Nxf2
31.Kxf2 Rd3 32.Qb1 Rxa3 33.Rd1 Rxd1 34.Qxd1 a5 35.Ne1 Nd4 36.Re3 Rxe3 37.Kxe3 a4
38.Qa1 Qa8 39.Qa3 g6 40.Qa2 Kg7 41.Nd3 Nf5+ 42.Kf3 Qa6 43.Ndxc5 Bxc5 44.Nxc5 Qc6+
45.Ne4 Qa8 46.c5 a3 47.c6 Nd4+ 48.Kf2 Nxc6 49.Nd6 Nb4 50.Qc4 a2 51.Qc7 Qf8
52.Qa7 Kg8 53.Kg2  1-0

[Event "Titled Tue 28th Jan Late"]
[Site "chess.com INT"]
[Date "2025.01.28"]
[Round "5"]
[White "Zamorano,Jor"]
[Black "Nakamura,Hi"]
[Result "0-1"]
[WhiteElo "2333"]
[BlackElo "2802"]

1.e4 g6 2.d4 c6 3.Nc3 d5 4.Nf3 Bg4 5.exd5 cxd5 6.h3 Bxf3 7.Qxf3 e6 8.a3 Nc6
9.Bb5 Rc8 10.O-O a6 11.Bxc6+ Rxc6 12.Re1 Be7 13.Bf4 Kf8 14.Be5 Bf6 15.Qd3 Bxe5
16.dxe5 Qc7 17.Rac1 Rc4 18.Ne2 Qxe5 19.c3 Qd6 20.Nd4 Kg7 21.Rcd1 Rc8 22.Nf3 Nf6
23.Ne5 Qb6 24.Re2 Rhd8 25.Kh1 Nd7 26.Ng4 h5 27.Ne3 Nf6 28.Nc2 Ne4 29.Rf1 Qxb2  0-1

[Event "Titled Tue 28th Jan Early"]
[Site "chess.com INT"]
[Date "2025.01.28"]
[Round "5"]
[White "Suyarov,Mukhammadzokhid"]
[Black "Nakamura,Hi"]
[Result "0-1"]
[WhiteElo "2465"]
[BlackElo "2802"]

1.e4 g6 2.d4 c6 3.f4 d5 4.e5 h5 5.Nf3 Bg4 6.Be2 e6 7.Be3 Nh6 8.O-O Nf5 9.Bf2 Nd7
10.Nbd2 Bh6 11.g3 Bh3 12.Re1 h4 13.Bf1 Bg4 14.Be2 hxg3 15.hxg3 g5 16.fxg5 Bxg5
17.Nxg5 Bxe2 18.Nxe6 fxe6 19.Qxe2 Qg5 20.Kg2 Nh4+ 21.Kf1 Qf5 22.Qd3 Qh3+
23.Ke2 Qg4+ 24.Nf3 Nf5 25.Rh1 O-O-O 26.Rag1 c5 27.c3 Rhf8 28.Rh7 c4 29.Qd2 Qe4+
30.Be3 Nxe3 31.Qxe3 Qxh7  0-1

[Event "Titled Tue 28th Jan Late"]
[Site "chess.com INT"]
[Date "2025.01.28"]
[Round "6"]
[White "Nakamura,Hi"]
[Black "Sai,KG"]
[Result "1/2-1/2"]
[WhiteElo "2802"]
[BlackElo "2374"]

1.b3 e5 2.Bb2 d6 3.d4 exd4 4.Qxd4 Nc6 5.Qd2 Nf6 6.g3 g6 7.c4 Bg7 8.Nc3 a5
9.Bg2 O-O 10.Nf3 Bf5 11.Nh4 Be6 12.O-O Qd7 13.Rfe1 Bh3 14.Bh1 Rae8 15.Rad1 b6
16.e4 Ne5 17.f4 Nc6 18.e5 dxe5 19.Qf2 Qe6 20.Bd5 Qe7 21.Kh1 Ng4 22.Qd2 Nb4
23.Bg2 Bxg2+ 24.Qxg2 Rd8 25.Qe2 f5 26.h3 Nf6 27.Qxe5 Qxe5 28.fxe5 Nh5 29.e6 Rxd1
30.Rxd1 Re8 31.Nf3 Nxg3+ 32.Kg2 Nh5 33.a3 Bxc3 34.Bxc3 Nc6 35.Rd7 Re7 36.Ng5 h6
37.Rxe7 Nxe7 38.Nf7 Nf4+ 39.Kf3 Nxe6 40.Nxh6+ Kf8 41.h4 g5 42.hxg5 Nxg5+
43.Kf4 Ne4 44.Be1 Nc5 45.Bc3 Nxb3 46.Ke5 Nc5 47.Bd4 Nc6+ 48.Kd5 Nxd4 49.Kxd4 f4
50.Ng4 Ke7 51.Ke5 f3 52.Kf4 Ne6+ 53.Kxf3 Kd6 54.Ke4 Kc5 55.Kd3 Nf4+ 56.Kc3 b5
57.cxb5 Kxb5 58.Nf6 c6 59.Ne4 Nd5+ 60.Kd4 Nb6 61.Nc3+ Ka6 62.Kc5 Nc8 63.Kxc6 Ne7+
64.Kc5 Nc8 65.Nd5 Kb7 66.Kb5 Na7+ 67.Kxa5 Nc6+ 68.Kb5 Ne5 69.Ne3 Nc6 70.Nc2 Na7+
71.Kc5 Nc6 72.Ne3 Na5 73.Kb5 Nc6 74.Nf5 Na7+ 75.Kc5 Nc6 76.Nd6+ Kc7 77.a4 Na5
78.Ne8+ Kb7 79.Kb5 Nc6 80.Nd6+ Kc7 81.Kc5 Na5 82.Ne4 Nc6 83.Nc3 Kb7 84.Nd5 Na5
85.Kb5 Nc6 86.Kc5 Na5 87.Nb4 Nb3+ 88.Kc4 Na5+ 89.Kb5 Nb3 90.Nc2 Ka7 91.Kb4 Nd2
92.Nd4 Ne4 93.a5 Nd6 94.Nc6+ Ka6 95.Ka4 Nb7 96.Nb4+ Ka7 97.a6 Nc5+ 98.Kb5 Nxa6  1/2-1/2

[Event "Titled Tue 28th Jan Early"]
[Site "chess.com INT"]
[Date "2025.01.28"]
[Round "6"]
[White "Nakamura,Hi"]
[Black "Gholami Orimi,Mahdi"]
[Result "1-0"]
[WhiteElo "2802"]
[BlackElo "2510"]

1.b3 Nf6 2.Bb2 g6 3.Bxf6 exf6 4.g3 Bg7 5.Bg2 f5 6.d4 O-O 7.e3 d6 8.Ne2 c6
9.c4 Nd7 10.Nbc3 Nf6 11.O-O Bd7 12.b4 Qc7 13.Rc1 h5 14.h4 Rfe8 15.b5 Qa5
16.Qb3 Rec8 17.a4 Rc7 18.Nf4 Rac8 19.Rc2 Bh6 20.Nd3 Be6 21.Rfc1 g5 22.hxg5 Bxg5
23.bxc6 bxc6 24.Ne1 Qa6 25.Nf3 Bh6 26.Bf1 Rb7 27.Qa3 Bf8 28.d5 Bd7 29.a5 c5
30.Bd3 Rb4 31.Nh4 Rcb8 32.Qa2 Ne4 33.Nb5 Bg7 34.Kg2 Bf6 35.Rh1 Kg7 36.Qa3 Rh8
37.Ra2 Be5 38.Qc1 Qc8 39.Qc2 Qe8 40.Nxa7 Qe7 41.Nc6 Qf6 42.Bxe4 fxe4 43.Qxe4 Bc3
44.Nxb4 cxb4 45.a6 b3 46.Ra3 b2 47.a7 Ra8 48.Qc2 Be5 49.f4  1-0

[Event "Titled Tue 28th Jan Late"]
[Site "chess.com INT"]
[Date "2025.01.28"]
[Round "7"]
[White "Chen,Ryo"]
[Black "Nakamura,Hi"]
[Result "0-1"]
[WhiteElo "2403"]
[BlackElo "2802"]

1.e4 g6 2.d4 c6 3.Nf3 d5 4.Nc3 Bg4 5.h3 Bxf3 6.Qxf3 e6 7.Bd3 Bg7 8.Ne2 dxe4
9.Bxe4 Nf6 10.O-O Nbd7 11.Bg5 h6 12.Bxf6 Nxf6 13.Rad1 O-O 14.c4 Re8 15.Nc3 Qb6
16.d5 exd5 17.cxd5 Nxe4 18.Nxe4 cxd5 19.Rxd5 Qxb2 20.Rd7 Qxa2 21.Rxb7 Rab8
22.Rd7 Qe6 23.Nc5 Qc4 24.Nd3 Red8 25.Rxd8+ Rxd8 26.Nf4 a5  0-1

[Event "Titled Tue 28th Jan Early"]
[Site "chess.com INT"]
[Date "2025.01.28"]
[Round "7"]
[White "Korobov,A"]
[Black "Nakamura,Hi"]
[Result "0-1"]
[WhiteElo "2627"]
[BlackElo "2802"]

1.e4 e5 2.Nf3 Nc6 3.Bb5 a6 4.Ba4 g6 5.c3 Bg7 6.d4 b5 7.Bb3 exd4 8.cxd4 d6
9.O-O Nge7 10.h3 O-O 11.Be3 Na5 12.Bc2 c5 13.Nbd2 Nac6 14.dxc5 Bxb2 15.Rb1 Bg7
16.Nb3 dxc5 17.Nxc5 Na5 18.Qc1 Nc4 19.Bh6 Qc7 20.Nb3 Bb7 21.Bxg7 Kxg7 22.Bd3 Rac8
23.Bxc4 Qxc4 24.Qg5 f6 25.Qe3 Qxe4 26.Qa7 Ra8 27.Qc5 Rfc8 28.Qa3 b4 29.Qa5 Qc4
30.Nbd4 Bxf3 31.Nxf3 Nd5 32.Rbc1 Qb5 33.Qxb5 axb5 34.Rxc8 Rxc8 35.Nd4 Ra8
36.Nxb5 Rxa2 37.Rd1 Nf4 38.Rd7+ Kh6 39.Rb7 b3 40.Nd6 b2 41.Kh2 f5 42.g4 fxg4
43.hxg4 Kg5 44.Kg3 Ne2+ 45.Kf3 Nc3 46.Ne4+ Nxe4 47.Kxe4 Kxg4  0-1

[Event "Titled Tue 28th Jan Early"]
[Site "chess.com INT"]
[Date "2025.01.28"]
[Round "8"]
[White "Nakamura,Hi"]
[Black "Rakhmatullaev,Almas"]
[Result "0-1"]
[WhiteElo "2802"]
[BlackElo "2407"]

1.b3 b6 2.Bb2 Bb7 3.Nf3 Nf6 4.e3 g6 5.Bxf6 exf6 6.g3 Bg7 7.Bg2 f5 8.d4 O-O
9.O-O d6 10.c4 Nd7 11.Nc3 Re8 12.Rc1 a6 13.b4 c5 14.b5 axb5 15.Nxb5 Qb8 16.Rc2 Be4
17.Rd2 cxd4 18.exd4 d5 19.cxd5 Bxd5 20.Nh4 Bxg2 21.Kxg2 Ra5 22.Qb3 Nf6 23.Nf3 Rd8
24.Rc2 Ne4 25.Rc7 Nd6 26.Nxd6 Qxc7 27.Nc4 Raa8 28.d5 b5 29.Qxb5 Rxa2 30.d6 Qd7
31.Qd5 Ra7 32.Rd1 Qb7 33.Qd3 Ra4 34.d7 Bf6 35.h4 h5 36.Qc2 Qc6 37.Rc1 Rxd7
38.Qb3 Rb7 39.Qd3 Rc7 40.Nd6 Qxc1 41.Qb3  0-1

[Event "Titled Tue 28th Jan Late"]
[Site "chess.com INT"]
[Date "2025.01.28"]
[Round "8"]
[White "Nakamura,Hi"]
[Black "Zakhartsov,Vl"]
[Result "1-0"]
[WhiteElo "2802"]
[BlackElo "2481"]

1.b3 d5 2.Bb2 Bg4 3.d3 Nc6 4.h3 Bh5 5.Nd2 e5 6.Ngf3 f6 7.e3 Bd6 8.Be2 Nge7
9.Nxe5 Bxe2 10.Nxc6 Bxd1 11.Nxd8 Bxc2 12.Nxb7 Bxd3 13.Nxd6+ cxd6 14.Nf3 Kd7
15.Kd2 Be4 16.Nd4 Nc6 17.Ne2 Rhc8 18.f3 Bg6 19.Rhc1 Nb4 20.Rxc8 Rxc8 21.Bc3 Nc6
22.h4 h5 23.b4 Ne5 24.Nf4 Bf7 25.Bd4 Nc4+ 26.Ke2 a6 27.a3 Ne5 28.Kd2 Nc4+
29.Ke1 Ne5 30.a4 Rc2 31.b5 axb5 32.axb5 Rxg2 33.Ra7+ Ke8 34.Nxg2  1-0

[Event "Titled Tue 28th Jan Early"]
[Site "chess.com INT"]
[Date "2025.01.28"]
[Round "9"]
[White "Nakamura,Hi"]
[Black "Bortnyk,Olexandr"]
[Result "1-0"]
[WhiteElo "2802"]
[BlackElo "2601"]

1.b3 d5 2.Bb2 Bf5 3.d3 e6 4.Nd2 Nf6 5.g3 h6 6.Bg2 Be7 7.e4 Bh7 8.Nh3 O-O
9.O-O c6 10.Qe2 a5 11.a3 Na6 12.f4 a4 13.b4 Re8 14.c4 Qb6+ 15.Kh1 dxe4 16.dxe4 Rad8
17.Nf2 Rd7 18.c5 Qb5 19.Nc4 Red8 20.Rfe1 Nc7 21.Bf1 Qa6 22.Qf3 Nb5 23.e5 Nd5
24.Nd6 b6 25.Nfe4 Bxe4 26.Qxe4 bxc5 27.bxc5 Qa5 28.Bd3 g6 29.Nxf7 Bf8 30.Qxg6+ Bg7
31.Nxd8 Qxd8 32.Qxe6+ Kf8 33.Bxb5 Nc7 34.Qf5+ Rf7 35.Qe4 Nxb5 36.e6 Bxb2
37.exf7  1-0

[Event "Titled Tue 28th Jan Late"]
[Site "chess.com INT"]
[Date "2025.01.28"]
[Round "9"]
[White "Nakamura,Hi"]
[Black "Damjanovic,Vuk"]
[Result "1-0"]
[WhiteElo "2802"]
[BlackElo "2368"]

1.b3 d5 2.Bb2 Bg4 3.h3 Bh5 4.g3 Nc6 5.d4 e6 6.Bg2 Nf6 7.Nd2 Be7 8.Ngf3 O-O
9.O-O a5 10.a3 Nb8 11.c4 c6 12.g4 Bg6 13.Ne5 Nfd7 14.Nxg6 hxg6 15.e3 Na6
16.f4 Nc7 17.Qe2 f5 18.g5 Ne8 19.c5 Nc7 20.h4 Kf7 21.h5 Rh8 22.hxg6+ Kxg6
23.Kf2 Kf7 24.Rh1 g6 25.Nf3 Qg8 26.a4 Na6 27.Bc3 Nb4 28.Qd2 Rxh1 29.Rxh1 Qg7
30.Bxb4 axb4 31.Qxb4 b6 32.Ne5+ Nxe5 33.fxe5 Rb8 34.a5 b5 35.a6 Ra8 36.Qa3 Bxg5
37.a7 Kg8 38.Qa6 Qc7 39.Ra1 Bd8 40.Bf1 Kg7 41.Bd3 g5 42.Ke2 g4 43.Kd2 Bg5
44.Qb6 Bd8 45.Ra6 Kf7 46.Qxc7+ Bxc7 47.Ke2 Ke7 48.Rxc6 Rxa7 49.Bxb5 Bd8 50.Ra6 Rxa6
51.Bxa6 Ba5 52.Bc8 Bb4 53.c6 Ba5 54.b4 Bxb4 55.c7 Ba5 56.Bxe6 Bxc7 57.Bxf5 g3
58.Kf3 Ba5 59.Kxg3 Bd2 60.Kf3 Bc1 61.Ke2 Bb2 62.Bh7 Kd7 63.Kd3 Ba1 64.Bg8 Kc6
65.Be6 Bb2 66.Bg4 Kc7 67.Bf3 Kc6 68.e4 dxe4+ 69.Kxe4 Kd7 70.Kd5 Ke7 71.Kc4 Ba1
72.Bg4 Bb2 73.Kd5 Ba3 74.Ke4 Bb2 75.d5 Ba3 76.Kd3 Kd8 77.d6 Bb2 78.Ke4 Ba3
79.Kd5 Ke8 80.e6 Kd8 81.e7+ Ke8 82.Ke6 Bxd6 83.Bh5+  1-0

[Event "Titled Tue 28th Jan Late"]
[Site "chess.com INT"]
[Date "2025.01.28"]
[Round "10"]
[White "Naroditsky,D"]
[Black "Nakamura,Hi"]
[Result "1/2-1/2"]
[WhiteElo "2619"]
[BlackElo "2802"]

1.e4 c5 2.Nf3 e6 3.g3 b6 4.Bg2 Bb7 5.Nc3 d6 6.O-O Be7 7.d4 Nd7 8.d5 e5 9.a4 Ngf6
10.Nd2 O-O 11.Nc4 Ne8 12.f4 Ba6 13.Nb5 Nc7 14.Nxc7 Qxc7 15.b3 exf4 16.gxf4 Rae8
17.Bb2 Bf6 18.Bxf6 Nxf6 19.Qd3 g6 20.Rae1 Nh5 21.e5 Qd8 22.e6 Ng7 23.f5 gxf5
24.Qg3 Bxc4 25.Rxf5 Kh8 26.Rxf7 Rxf7 27.exf7 Rxe1+ 28.Qxe1 Ba6 29.Qh4 Qf8
30.Qf6 Be2 31.Bh3 Bh5 32.Be6 Bg6 33.h4 Bh5 34.c4 Bg6 35.Kh2 Bh5 36.Kg2 Bg6
37.Kf2 Bh5 38.Ke1 Bg6 39.Kd2 a5 40.Kc3 Bh5 41.Kb2 Bg6 42.Kc3 Bh5 43.Kb2 Bg6
44.Kc3  1/2-1/2

[Event "Titled Tue 28th Jan Early"]
[Site "chess.com INT"]
[Date "2025.01.28"]
[Round "10"]
[White "Firouzja,Alireza"]
[Black "Nakamura,Hi"]
[Result "1-0"]
[WhiteElo "2763"]
[BlackElo "2802"]

1.e4 e5 2.Nf3 Nc6 3.Bb5 Nf6 4.O-O Nxe4 5.Re1 Nd6 6.Nxe5 Be7 7.Bf1 Nxe5 8.Rxe5 O-O
9.d4 Ne8 10.c4 Bf6 11.Re1 d5 12.cxd5 Qxd5 13.Be3 Qd8 14.Nc3 Be6 15.Ne4 Be7
16.Bf4 Nf6 17.Nc5 Bd5 18.Rc1 Bd6 19.Be5 Ne8 20.Qg4 b6 21.Nd3 Bxa2 22.Nf4 f6
23.Bxd6 Nxd6 24.d5 Qc8 25.Qg3 Qd8 26.Ne6  1-0

[Event "Titled Tue 28th Jan Late"]
[Site "chess.com INT"]
[Date "2025.01.28"]
[Round "11"]
[White "Nakamura,Hi"]
[Black "Le,Quang Liem"]
[Result "1-0"]
[WhiteElo "2802"]
[BlackElo "2739"]

1.b3 d5 2.Bb2 c5 3.e3 a6 4.c4 d4 5.exd4 cxd4 6.Nf3 Nc6 7.d3 e5 8.a3 Bd6 9.b4 Nf6
10.g3 O-O 11.Bg2 Bf5 12.O-O Re8 13.Re1 h6 14.Qb3 Qd7 15.Nbd2 Bc7 16.Qc2 Bh3
17.Bh1 Re7 18.Nb3 Rae8 19.Nc5 Qc8 20.Nd2 Bd6 21.Nce4 Nxe4 22.Nxe4 Bb8 23.Rac1 f5
24.Nc5 Ba7 25.Nb3 e4 26.dxe4 fxe4 27.c5 d3 28.Qc3 Bb8 29.Re3 Be5 30.Qd2 Bxb2
31.Qxb2 Qf5 32.Nd2 Rf8 33.Nxe4 Kh8 34.Rce1 Qd7 35.Nd6 Rxe3 36.Rxe3 Nd8 37.Rxd3 Qe6
38.Re3 Qg6 39.Be4 Qg5 40.Bg2 Bxg2 41.Kxg2 Qd5+ 42.Ne4 Ne6 43.Qb3 Qc6 44.Qd3 Ng5
45.h4 Nf7 46.Rf3 Kg8 47.Qc4 Qd7 48.Nd6 b5 49.Qd5  1-0

[Event "Titled Tue 28th Jan Early"]
[Site "chess.com INT"]
[Date "2025.01.28"]
[Round "11"]
[White "Nakamura,Hi"]
[Black "Aravindh,Chithambaram VR."]
[Result "1-0"]
[WhiteElo "2802"]
[BlackElo "2726"]

1.b3 g6 2.Bb2 Nf6 3.Bxf6 exf6 4.g3 Bg7 5.Bg2 O-O 6.e3 d5 7.Ne2 c6 8.O-O Be6
9.Nf4 Nd7 10.d4 f5 11.Nd2 Nf6 12.c4 Ne4 13.Rc1 Rc8 14.Nxe4 dxe4 15.Nxe6 fxe6
16.Qd2 Qe7 17.Rfd1 Rfd8 18.Qa5 b6 19.Qa6 c5 20.d5 exd5 21.cxd5 Rc7 22.Bf1 Be5
23.Bb5 Bd6 24.b4 cxb4 25.Rc6 Kg7 26.Qa4 Bc5 27.Qc2 Rxc6 28.dxc6 Rxd1+ 29.Qxd1 Bd6
30.Bc4 Qe5 31.Qb3 Qc3 32.Qd1 Qe5 33.Bd5 b5 34.Bb3 a5 35.c7 Bxc7 36.Qd7+ Kh6
37.Bd5 a4 38.Kg2 Bd6 39.Be6 b3 40.axb3 a3 41.b4 Bxb4 42.h4 Qd6 43.Qc8 Qf8
44.Qb7 Qe7 45.Qc8  1-0

[Event "Titled Tue 4th Feb Early"]
[Site "chess.com INT"]
[Date "2025.02.04"]
[Round "1"]
[White "Grebennikov,N"]
[Black "Nakamura,Hi"]
[Result "0-1"]
[WhiteElo "2176"]
[BlackElo "2802"]

1.d4 g6 2.c4 Bg7 3.Nc3 c5 4.d5 Bxc3+ 5.bxc3 Qa5 6.Bd2 Nf6 7.Qc2 d6 8.e4 Bd7
9.Be2 Ba4 10.Qd3 Nbd7 11.f4 Nb6 12.e5 Nfd7 13.Nf3 O-O-O 14.Ng5 Rdf8 15.e6 fxe6
16.Nxe6 Rf7 17.O-O Kb8 18.Rab1 Nf6 19.Ng5 Rff8 20.Ne6 Rfg8 21.f5 gxf5 22.Rxf5 Bd7
23.h3 Rg6 24.Rb2 Rhg8 25.Bf1 Bxe6 26.dxe6 Qa4 27.Kh2 Qc6 28.Be3 Qe4 29.Qxe4 Nxe4
30.Rf7 Rxe6 31.Rxh7 Nf6  0-1

[Event "Titled Tue 4th Feb Early"]
[Site "chess.com INT"]
[Date "2025.02.04"]
[Round "2"]
[White "Nakamura,Hi"]
[Black "Smirnov,Mark"]
[Result "1-0"]
[WhiteElo "2802"]
[BlackElo "2336"]

1.b3 e5 2.Bb2 Nc6 3.e3 a6 4.Nf3 e4 5.Nd4 Nxd4 6.Bxd4 Nf6 7.d3 exd3 8.Bxd3 d5
9.O-O Bd6 10.c4 Bxh2+ 11.Kxh2 Ng4+ 12.Kg3 dxc4 13.Be2 h5 14.Bxg4 hxg4 15.Rh1 Qd6+
16.f4 gxf3 17.Kf2 Rxh1 18.Qxh1 fxg2 19.Qh8+ Ke7 20.Qxg7 Qh2 21.Qxg2 Qxg2+
22.Kxg2 cxb3 23.axb3 Be6 24.Nd2 b6 25.b4 Bd5+ 26.Kf2 Bb7 27.Rc1 Kd7 28.Be5 c6
29.Nc4 Ke6 30.Bf4 Rd8 31.Ke1 b5 32.Na5 Ba8 33.Nxc6 Bxc6 34.Rxc6+ Kd5 35.Rxa6 Kc4
36.Rd6 Rb8 37.Rd4+  1-0

[Event "Titled Tue 4th Feb Early"]
[Site "chess.com INT"]
[Date "2025.02.04"]
[Round "3"]
[White "Dzhumagaliev,Y"]
[Black "Nakamura,Hi"]
[Result "0-1"]
[WhiteElo "2411"]
[BlackElo "2802"]

1.h4 e5 2.h5 d5 3.c3 h6 4.d4 e4 5.Bf4 c5 6.e3 Nc6 7.Be2 Nf6 8.Nh3 Bxh3 9.Rxh3 Bd6
10.g3 O-O 11.a3 Rc8 12.Rh4 Ne7 13.Nd2 Nf5 14.Bxd6 Qxd6 15.Rf4 Ne7 16.dxc5 Qxc5
17.Nb3 Qb6 18.Rb1 Nd7 19.Bg4 Ne5 20.Bxc8 Nd3+ 21.Kf1 Rxc8 22.Nd4 Nxf4 23.gxf4 Kf8
24.Qb3 Qxb3 25.Nxb3 Ng8 26.Ke2 Nf6 27.Rh1 Kg8 28.Nd4 Kh7 29.Nf5 Rc6 30.Kd2 Rb6
31.b4 Ra6 32.Kc2 Rxa3 33.Kb2 Ra6 34.Kb3 Rc6 35.Nd4 Rc8 36.Nf5 Rc7 37.Nd6 a6
38.Nf5 Rd7 39.Nd4 Ng4 40.Rf1 g6 41.hxg6+ fxg6 42.Kc2 h5 43.Kd2 Kg7 44.Nb3 Kf6
45.Nc5 Rh7 46.Ke2 h4 47.Rh1 h3 48.f3 exf3+ 49.Kxf3 Kf5 50.e4+ dxe4+ 51.Nxe4 Nf6
52.Ng5 Rc7 53.Rc1 h2 54.Kg2 Nd5 55.Kxh2 Nxf4 56.Nf3 Rh7+ 57.Kg3 Ne2+  0-1

[Event "Titled Tue 4th Feb Early"]
[Site "chess.com INT"]
[Date "2025.02.04"]
[Round "4"]
[White "Nakamura,Hi"]
[Black "Ter Sahakyan,S"]
[Result "1-0"]
[WhiteElo "2802"]
[BlackElo "2611"]

1.b3 e5 2.Bb2 Nc6 3.e3 Nf6 4.Bb5 e4 5.f3 a6 6.Bxc6 dxc6 7.Nc3 Qe7 8.fxe4 Nxe4
9.Qf3 Nxc3 10.Bxc3 Bd7 11.Ne2 O-O-O 12.O-O-O f6 13.h3 Qa3+ 14.Kb1 Bd6 15.g4 Rhe8
16.Bb2 Qa5 17.e4 Be5 18.d4 Bd6 19.Nc1 c5 20.d5 c4 21.bxc4 Qb4 22.Rd4 c5 23.dxc6 Bxc6
24.Qf5+ Bd7 25.Qxh7 Qb6 26.Nb3 Be5 27.Rd3 a5 28.Qxg7 Bxb2 29.Kxb2 a4 30.Rhd1 axb3
31.Rxd7 bxa2+ 32.Ka1  1-0

[Event "Titled Tue 4th Feb Early"]
[Site "chess.com INT"]
[Date "2025.02.04"]
[Round "5"]
[White "Xiong,Jeffery"]
[Black "Nakamura,Hi"]
[Result "0-1"]
[WhiteElo "2636"]
[BlackElo "2802"]

1.e4 c6 2.d4 g6 3.c4 d6 4.Nf3 Bg4 5.Nbd2 Bg7 6.h3 Bxf3 7.Nxf3 c5 8.d5 e5
9.dxe6 fxe6 10.e5 dxe5 11.Qxd8+ Kxd8 12.Be3 Nd7 13.O-O-O Ke7 14.Bd3 Ngf6
15.Bc2 b6 16.Rhe1 Rad8 17.Bg5 h6 18.Bd2 g5 19.Nxe5 Nxe5 20.Rxe5 Nd5 21.Re2 Nb4
22.Rde1 Rd6 23.Bf5 e5 24.a3 Nc6 25.Be4 Nd4 26.Re3 Rf8 27.f3 Kd7 28.b4 Rc8
29.b5 h5 30.a4 Rf8 31.Ra3 Bf6 32.a5 Ke7 33.axb6 axb6 34.Be3 Rfd8 35.Kb2 Ne6
36.Ra7+ Kf8 37.Rea1 Nf4 38.g4 Ng2 39.Bc1 h4 40.Rb7 Nf4 41.Raa7 Nd3+ 42.Bxd3 e4+
43.Kc2 exd3+ 44.Kd1 d2 45.Ba3 Re6 46.Rf7+ Ke8  0-1

[Event "Titled Tue 4th Feb Early"]
[Site "chess.com INT"]
[Date "2025.02.04"]
[Round "6"]
[White "Nakamura,Hi"]
[Black "Oparin,G"]
[Result "1/2-1/2"]
[WhiteElo "2802"]
[BlackElo "2660"]

1.b3 e5 2.Bb2 Nc6 3.e3 Nf6 4.Bb5 e4 5.f3 d5 6.Nc3 Bd7 7.Bxc6 Bxc6 8.Qe2 Bc5
9.fxe4 dxe4 10.Nh3 Qe7 11.a3 O-O-O 12.O-O h5 13.b4 Bd6 14.Nb5 Bxb5 15.Qxb5 Ng4
16.Nf4 Bxf4 17.Qf5+ Kb8 18.Qxf4 f6 19.h3 Nh6 20.Bd4 Nf7 21.b5 Ng5 22.a4 Rhe8
23.c3 Qd7 24.Rab1 Ne6 25.Qf5 Nxd4 26.cxd4 Qxf5 27.Rxf5 Rh8 28.h4 b6 29.a5 Rd6
30.Rf4 Re8 31.g4 hxg4 32.Rxg4 Re7 33.h5 bxa5 34.Ra1 Rd5 35.h6 gxh6 36.Rh4 Rxb5
37.Rxh6 Re6 38.Kf2 Kb7 39.Ke2 Ra6 40.Rhh1 a4 41.Ra3 Raa5 42.Rha1 Rb4 43.Kd1 c5
44.dxc5 Kc6 45.R3a2 f5 46.Ke2 Kxc5 47.Rc1+ Rc4 48.Rb1 a3 49.Rb3 Rca4 50.d3 exd3+
51.Kxd3 Kd5 52.Rc3 f4 53.exf4 Rxf4 54.Ke2 Rfa4 55.Kd2 Rd4+ 56.Kc2 Rc4 57.Rxc4 Kxc4
58.Kb1 Kb3 59.Rh2 Rc5 60.Rh3+ Rc3 61.Rxc3+ Kxc3 62.Ka2 Kb4 63.Ka1 Kb3 64.Kb1 a2+
65.Ka1 Ka3  1/2-1/2